| 000 | 00640cam a22002291 4500 | ||
|---|---|---|---|
| 999 |
_c58494 _d58494 |
||
| 001 | 8431855 | ||
| 005 | 20220427115048.0 | ||
| 008 | 750619s2016 enk 000 0 eng | ||
| 010 | _a 61005107 | ||
| 020 | _a9788131244661 | ||
| 080 | _a612(075.8) H-19 | ||
| 100 | 1 |
_aHall, John E. _97318 |
|
| 245 | 1 | 0 |
_aTextbook of medical physiology / _cHall J. E. |
| 250 | _a2d ed. | ||
| 264 |
_aPhiladelphia: _bElsevier, _c2016. |
||
| 300 |
_a927 p. _billus. _c27cm. |
||
| 653 | _aPathological | ||
| 653 | _aპატოფიზიოლოგია | ||
| 653 | _aPhysiology | ||
| 653 | _aფიზიოლოგია | ||
| 942 |
_2udc _cBK |
||